000 00726nam a2200253 a 4500
008
020 _a9781405634854 (hardback)
040 _aNUST
_cNUST
049 _aMAIN
090 _aBF637
_bDAW
100 _aDawn, Breslin.
245 1 0 _aDawn Breslin's power book /
_cDawn, Breslin.
260 _aUnited Kingdom :
_bHay House,
_c2007
300 _avii, 193 pages ;
_c23 cm
336 _atext
_btxt
_2rdacontent
337 _aunmediated
_bn
_2rdamedia
338 _avolume
_bnc
_2rdacarrier
650 _aLife makeover.
650 1 _aSelf Confidence.
907 _a.b10412050
_b01-11-21
_c01-11-21
003
005 20231109165835.0
942 _cBOOKS
_kBF637
_mDAW
_01
999 _c169895
_d169895